000 00343nam a22001217a 4500
040 _cNust
082 _a515.076
_bDOM
100 _aEugene Don
_9125338
245 _aHow to solve the world problems in calculus
260 _aNew York:
_bMcGraw-Hill,
_c2002.
650 _aHow to solve the world problems in calculus
_9125413
942 _2ddc
_cBK
999 _c611169
_d611169